<?xml version="1.0" encoding="UTF-8"?>
<record
    xmlns:xsi="http://www.w3.org/2001/XMLSchema-instance"
    xsi:schemaLocation="http://www.loc.gov/MARC21/slim http://www.loc.gov/standards/marcxml/schema/MARC21slim.xsd"
    xmlns="http://www.loc.gov/MARC21/slim">

  <leader>00624nam a22001457a 4500</leader>
  <controlfield tag="008">150522b        xxu||||| |||| 00| 0 eng d</controlfield>
  <datafield tag="020" ind1=" " ind2=" ">
    <subfield code="a">9789962898535</subfield>
  </datafield>
  <datafield tag="082" ind1=" " ind2=" ">
    <subfield code="a">720.728.7</subfield>
    <subfield code="b">M 478c</subfield>
  </datafield>
  <datafield tag="100" ind1=" " ind2=" ">
    <subfield code="a">McMichael Reese, Carol </subfield>
    <subfield code="9">2795</subfield>
  </datafield>
  <datafield tag="245" ind1=" " ind2=" ">
    <subfield code="a">El Canal de Panama y su legado arquitectonico (1905-1920)</subfield>
    <subfield code="b">The Panama Canal and its architectural legacy (1905-1920)</subfield>
  </datafield>
  <datafield tag="260" ind1=" " ind2=" ">
    <subfield code="a">Colombia</subfield>
    <subfield code="b">Printer Colombiana S.A.</subfield>
    <subfield code="c">2013</subfield>
  </datafield>
  <datafield tag="300" ind1=" " ind2=" ">
    <subfield code="a">225</subfield>
    <subfield code="b">ill. (col)</subfield>
    <subfield code="c">18x25 cm</subfield>
  </datafield>
  <datafield tag="650" ind1=" " ind2=" ">
    <subfield code="x">Arquitectura-Panama-zona de canal</subfield>
    <subfield code="x">Canal-zona-estructuras-edificios</subfield>
    <subfield code="x">Edificios historicos-Panama-zona de canal</subfield>
    <subfield code="9">2796</subfield>
  </datafield>
  <datafield tag="700" ind1=" " ind2=" ">
    <subfield code="a">McMichael Reese, Carol </subfield>
    <subfield code="9">2797</subfield>
  </datafield>
  <datafield tag="999" ind1=" " ind2=" ">
    <subfield code="c">624</subfield>
    <subfield code="d">624</subfield>
  </datafield>
  <datafield tag="952" ind1=" " ind2=" ">
    <subfield code="0">0</subfield>
    <subfield code="1">0</subfield>
    <subfield code="2">ddc</subfield>
    <subfield code="4">0</subfield>
    <subfield code="7">0</subfield>
    <subfield code="a">LV</subfield>
    <subfield code="b">LV</subfield>
    <subfield code="c">Pensamiento</subfield>
    <subfield code="d">2015-05-22</subfield>
    <subfield code="l">0</subfield>
    <subfield code="o">720.728.7 M 478c</subfield>
    <subfield code="p">004041</subfield>
    <subfield code="r">2015-05-22 00:00:00</subfield>
    <subfield code="w">2015-05-22</subfield>
    <subfield code="y">01</subfield>
  </datafield>
</record>
